Statistics for Flattest US States

Click here to take the quiz!

General Stats

  • This quiz has been taken 56 times
  • The average score is 14 of 15

Answer Stats

Gap(ft)Answer% Correct
345Florida
100%
447Delaware
96%
807Mississippi
96%
543Louisiana
93%
811Rhode Island
93%
1700Minnesota
93%
1094Ohio
91%
1191Iowa
91%
1408Michigan
91%
937Indiana
89%
2379Connecticut
89%
955Illinois
87%
1372Wisconsin
87%
1803New Jersey
87%
1542Missouri
83%

Score Distribution

Percentile by Number Answered

Percent of People with Each Score

Your Score History

You have not taken this quiz